<?xml version="1.0" encoding="UTF-8"?>
<collection xmlns="http://www.loc.gov/MARC21/slim">
 <record>
  <leader>01711nam a22003137a 4500</leader>
  <controlfield tag="001">4500</controlfield>
  <controlfield tag="003">BD-DhAAL</controlfield>
  <controlfield tag="005">20230305134841.0</controlfield>
  <controlfield tag="008">141118b1907    ii ||||| |||| 00| 1 ben d</controlfield>
  <datafield tag="020" ind1=" " ind2=" ">
   <subfield code="a">9848119167</subfield>
  </datafield>
  <datafield tag="040" ind1=" " ind2=" ">
   <subfield code="a">BD-DhAAL</subfield>
   <subfield code="c">BD-DhAAL</subfield>
  </datafield>
  <datafield tag="041" ind1=" " ind2=" ">
   <subfield code="a">ben</subfield>
  </datafield>
  <datafield tag="082" ind1=" " ind2=" ">
   <subfield code="2">22</subfield>
   <subfield code="a">891.4437</subfield>
  </datafield>
  <datafield tag="100" ind1=" " ind2=" ">
   <subfield code="a">ঠাকুর, রবীন্দ্রনাথ</subfield>
   <subfield code="9">3812</subfield>
  </datafield>
  <datafield tag="245" ind1=" " ind2=" ">
   <subfield code="a">রবীন্দ্র-রচনাবলী, </subfield>
   <subfield code="n">চতুর্দশ খণ্ড /</subfield>
   <subfield code="c">রবীন্দ্রনাথ ঠাকুর</subfield>
  </datafield>
  <datafield tag="250" ind1=" " ind2=" ">
   <subfield code="a">প্রথম সংস্করণ.</subfield>
  </datafield>
  <datafield tag="260" ind1=" " ind2=" ">
   <subfield code="a">কলিকাতা ;</subfield>
   <subfield code="a">ঢাকা :</subfield>
   <subfield code="b">বিশ্বভারতী ;</subfield>
   <subfield code="b">জয় বুকস ইন্টারন্যাশনাল,</subfield>
   <subfield code="c">১৯০৭,</subfield>
   <subfield code="c">১৯৯৯.</subfield>
  </datafield>
  <datafield tag="300" ind1=" " ind2=" ">
   <subfield code="a">৫৫৭ পৃষ্ঠা,</subfield>
   <subfield code="a">৮৬৭ পৃষ্ঠা ;</subfield>
   <subfield code="c">২৪ সে. মি.</subfield>
  </datafield>
  <datafield tag="362" ind1=" " ind2=" ">
   <subfield code="a">১৪তম খণ্ড</subfield>
  </datafield>
  <datafield tag="500" ind1=" " ind2=" ">
   <subfield code="a">নিঘন্ট অন্তর্ভূক্ত।</subfield>
  </datafield>
  <datafield tag="541" ind1=" " ind2=" ">
   <subfield code="e">4500, 40267</subfield>
   <subfield code="a">Donated by Akbar Ali Khan</subfield>
  </datafield>
  <datafield tag="600" ind1=" " ind2=" ">
   <subfield code="a">Tagore, Rabindranath, </subfield>
   <subfield code="x">Fiction.</subfield>
   <subfield code="y">1861-1941</subfield>
   <subfield code="9">2544</subfield>
  </datafield>
  <datafield tag="600" ind1=" " ind2=" ">
   <subfield code="a">ঠাকুর, রবীন্দ্রনাথ</subfield>
   <subfield code="x">রচনাবলী</subfield>
   <subfield code="y">১৮৬১-১৯৪১</subfield>
   <subfield code="9">2545</subfield>
  </datafield>
  <datafield tag="650" ind1=" " ind2=" ">
   <subfield code="a">Bengali literature.</subfield>
  </datafield>
  <datafield tag="852" ind1=" " ind2=" ">
   <subfield code="a">Ayesha Abed Library</subfield>
   <subfield code="c">General Stacks</subfield>
  </datafield>
  <datafield tag="942" ind1=" " ind2=" ">
   <subfield code="2">ddc</subfield>
   <subfield code="c">BK</subfield>
  </datafield>
  <datafield tag="999" ind1=" " ind2=" ">
   <subfield code="c">33074</subfield>
   <subfield code="d">33074</subfield>
  </datafield>
  <datafield tag="952" ind1=" " ind2=" ">
   <subfield code="0">0</subfield>
   <subfield code="1">0</subfield>
   <subfield code="2">ddc</subfield>
   <subfield code="4">0</subfield>
   <subfield code="6">891_443700000000000_TAG</subfield>
   <subfield code="7">0</subfield>
   <subfield code="9">44098</subfield>
   <subfield code="a">BRACUL</subfield>
   <subfield code="b">BRACUL</subfield>
   <subfield code="c">GEN</subfield>
   <subfield code="d">2014-11-18</subfield>
   <subfield code="g">115.20</subfield>
   <subfield code="l">0</subfield>
   <subfield code="o">891.4437 TAG</subfield>
   <subfield code="p">3010004500</subfield>
   <subfield code="r">2014-11-18</subfield>
   <subfield code="t">1</subfield>
   <subfield code="w">2014-11-18</subfield>
   <subfield code="y">BK</subfield>
  </datafield>
  <datafield tag="952" ind1=" " ind2=" ">
   <subfield code="0">0</subfield>
   <subfield code="1">0</subfield>
   <subfield code="2">ddc</subfield>
   <subfield code="4">0</subfield>
   <subfield code="6">891_443700000000000_TAG</subfield>
   <subfield code="7">1</subfield>
   <subfield code="9">73336</subfield>
   <subfield code="a">BRACUL</subfield>
   <subfield code="b">BRACUL</subfield>
   <subfield code="c">AWC</subfield>
   <subfield code="d">2023-03-05</subfield>
   <subfield code="e">Donated by Akbar Ali Khan</subfield>
   <subfield code="g">260.00</subfield>
   <subfield code="l">0</subfield>
   <subfield code="o">891.4437 TAG</subfield>
   <subfield code="p">3010040267</subfield>
   <subfield code="r">2023-03-05</subfield>
   <subfield code="t">2</subfield>
   <subfield code="w">2023-03-05</subfield>
   <subfield code="y">BK</subfield>
   <subfield code="x">Price available in book </subfield>
  </datafield>
 </record>
</collection>
